THE NEW INTERNATIONAL WEBSTER'S POCKET THESAURURUS OF THE ENGLISH LANGUAGE (Record no. 216391)

MARC details
000 -LEADER
fixed length control field 00403nam a22001337a 4500
008 - FIXED-LENGTH DATA ELEMENTS--GENERAL INFORMATION
fixed length control field 251223b |||||||| |||| 00| 0 eng d
020 ## - INTERNATIONAL STANDARD BOOK NUMBER
International Standard Book Number 1-888777-49-4
050 ## - LIBRARY OF CONGRESS CALL NUMBER
Classification number PE 1591 .N49 2001
245 ## - TITLE STATEMENT
Title THE NEW INTERNATIONAL WEBSTER'S POCKET THESAURURUS OF THE ENGLISH LANGUAGE
260 ## - PUBLICATION, DISTRIBUTION, ETC.
Place of publication, distribution, etc. AUSTRALIA
Name of publisher, distributor, etc. TRIDENT PRESS INTERNATIONAL
Date of publication, distribution, etc. 2001
300 ## - PHYSICAL DESCRIPTION
Extent 318P.
942 ## - ADDED ENTRY ELEMENTS (KOHA)
Source of classification or shelving scheme Library of Congress Classification
Koha item type Reference
Holdings
Withdrawn status Lost status Source of classification or shelving scheme Damaged status Not for loan Collection Home library Current library Shelving location Date acquired Inventory number Total checkouts Full call number Barcode Date last seen Copy number Price effective from Koha item type
    Library of Congress Classification     Reference Kisii University Library Kisii University Library On Display 12/23/2025 45045   PE 1591 .N49 2001 000000001108 12/23/2025 1 12/23/2025 Reference